Normal view
MARC view
Entry Personal Name
001 - CONTROL NUMBER
- control field: 26856
003 - CONTROL NUMBER IDENTIFIER
- control field: OSt
005 - DATE AND TIME OF LATEST TRANSACTION
- control field: 20230627105557.0
008 - FIXED-LENGTH DATA ELEMENTS
- fixed length control field: 230627|| aca||aabn | a|a d
040 ## - CATALOGING SOURCE
- Original cataloging agency: OSt
- Transcribing agency: OSt
100 ## - HEADING--PERSONAL NAME
- Personal name: ပိင်ႇၺႃႇၽေႃးၵ(တႃႈၵုင်ႈ)၊
- Titles and other words associated with a name: ၸဝ်ႈ။
670 ## - SOURCE DATA FOUND
- Source citation: Work cat.: (OSt): ပိင်ႇၺႃႇၽေႃးၵ(တႃႈၵုင်ႈ)၊ ၸဝ်ႈ။, ၽိုၼ်မၢႆတွင်း ၶၢဝ်းတၢင်းတူဝ်ထူပ်း ၽဝၵူၼ်းဢွၵ်ႇႁႃသွၼ်တၢင်းမေႃ /, 2006 ။